[Event "EU-Cup 25th"]
[Site "Ohrid"]
[Date "2009.10.08"]
[Round "5.1"]
[White "Laznicka, Viktor"]
[Black "Grischuk, Alexander"]
[Result "0-1"]
[WhiteElo "2634"]
[BlackElo "2733"]
[Annotator "Ftacnik,L"]
[PlyCount "80"]
[EventDate "2009.10.04"]
[EventType "team-swiss"]
[EventRounds "7"]
[EventCountry "MKD"]
[SourceTitle "CBM 133"]
[Source "ChessBase"]
[SourceDate "2009.11.19"]
[SourceVersion "1"]
[SourceVersionDate "2009.11.19"]
[SourceQuality "1"]
[WhiteTeam "Novoborsky"]
[BlackTeam "Ural Sverdlovskaya"]
[WhiteTeamCountry "CZE"]
[BlackTeamCountry "RUS"]

1. d4 Nf6 2. c4 e6 3. Nc3 Bb4 4. Qc2 O-O 5. a3 Bxc3+ 6. Qxc3 b6 7. Bg5 Bb7 8.
f3 h6 9. Bh4 d5 10. e3 Nbd7 11. Nh3 c5 12. cxd5 cxd4 13. Qxd4 e5 14. Qd1 {
The simple comparision of both armies at this moment is quite revealing. White
has used four moves with his queen to avoid doubling the pawns and to gain the
bishop pair. Black has compensation in an advantage in development and an
absence of weaknesses.} (14. Qd2 Bxd5 15. Nf2 (15. Bb5 Be6 16. O-O Nc5 17. Qe2
a6 18. Rad1 Qc8 19. Bc4 b5 20. Bxe6 Qxe6 21. Nf2 Rac8 $11 {0-1 Iashvili,A 
(2455)-Shipov,S (2490)/Belgrade 1992 (50)}) 15... Be6 16. Bb5 Nc5 17. Qe2 a6
18. Bc4 Bxc4 19. Qxc4 Qd5 20. Qxd5 Nxd5 21. Ke2 f6 $11 {1/2-1/2 Kramnik,V 
(2480)-Timoshenko,G (2475)/Kherson 1991 (29)}) (14. Bxf6 Nxf6 15. Qxe5 Nxd5 16.
e4 Ne3 17. Qc3 Nxf1 18. Rxf1 Rc8 19. Qe3 Re8 20. Kf2 Qf6 21. Kg1 Qxb2 22. Rfb1
{1/2-1/2 Lazarev,V (2503)-Lekic,D (2390)/Switzerland 2004}) 14... Bxd5 15. Nf2
{White has not yet found the way to get any advantage from this line. The
knight is transferred to the centre from the obscure h3-square.} (15. Be2 Be6
16. Nf2 Nc5 (16... g5 17. Bg3 Qe7 18. O-O Rfd8 19. b4 a5 20. Qd2 Nh5 $11 {
1-0 Gagunashvili,M (2577)-Taleb,M (2401)/Abu Dhabi 2003 (38)}) 17. Nd3 (17. b4
Qxd1+ 18. Bxd1 Ncd7 19. O-O a5 20. Rb1 axb4 21. axb4 Bc4 22. Re1 Ra2 23. e4 b5
$15 {1/2-1/2 Gagunashvili,M (2560)-Lutz,C (2608)/Turin 2006 (43)}) 17... Bb3
18. Qd2 Nxd3+ 19. Qxd3 Qxd3 20. Bxd3 Rac8 21. Ke2 Bc4 22. Rhc1 Bxd3+ 23. Kxd3
Rfd8+ 24. Ke2 $11 {1/2-1/2 L'Ami,E (2531)-Hauchard,A (2487)/Belgium 2005 (35)})
15... Be6 16. Bd3 Nc5 17. Bc2 Qxd1+ $1 {Grischuk's decision to exchange queens
is very logical. He can now mobilise his pieces in the center without fear of
a disadvantage if White manages to get his act together.} (17... Rc8 18. O-O
Bc4 19. Re1 g5 20. Bg3 Re8 21. Bf5 Qxd1 22. Raxd1 Rc6 23. b4 Ne6 24. Bxe5 $16 {
1/2-1/2 Kiriakov,P-Onischuk,A (2370)/Jurmala 1992 (65)}) 18. Rxd1 Nd5 19. Ke2
Rac8 (19... f5 20. Nd3 Rac8 21. Rc1 (21. Nxe5 Nd7 $1 22. Bb3 Nxe5 23. Rxd5 (23.
Bxd5 Rc2+ 24. Ke1 Bxd5 25. Rxd5 Nc4 $17) 23... Bxd5 24. Bxd5+ Kh7 $17) 21... g5
22. Bf2 $11) 20. Ne4 $6 {It will take some help from Laznicka to catapult
Black into the driving seat. The knight move into the centre will backfire
after Black's clever manoeuvre.} (20. Nd3 f5 21. Rc1) 20... Nb7 $1 21. Bb1 (21.
Rc1 f5 22. Nd2 Nd6 23. Bd3 g5 24. Bf2 e4 25. Ba6 $11) 21... f5 22. Nd2 Nc5 23.
Bc2 $2 {White his admitting his inaccuracy on the 21st move, but it amounts to
losing two tempi!} (23. Bg3 f4 24. exf4 exf4 25. Bf2 Rfe8 26. Bxc5 bxc5 27. Ne4
Ne3 $15) (23. Rc1 $1 Na4 24. Ba2 Nxb2 25. Bg3 Rce8 $1 26. e4 (26. Bxe5 Nxe3 $17
) 26... Nf4+ 27. Bxf4 exf4 28. Bxe6+ Rxe6 29. Rc7 $15) 23... f4 $1 24. Nf1 (24.
e4 Ne3 25. Rc1 Bd7 $1 $17) 24... e4 25. Rd2 $6 {The defender has lost every
right to play mediocre moves; only the best defence could have complicated
Black's pleasant task.} (25. fxe4 Bg4+ 26. Ke1 Bxd1 27. Kxd1 Nxe3+ $19) (25.
Rd4 $1 g5 26. Be1 exf3+ 27. gxf3 fxe3 28. Nxe3 Rce8 29. Bd2 Rf4 $15) 25... g5
26. Bf2 (26. Be1 Nd3 27. Bxd3 (27. fxe4 Nc3+ $3 {Brilliant idea and an unusual
opportunity to force mate in the middlegame without queens.} 28. bxc3 Bg4+ 29.
Kxd3 Rfd8#) 27... fxe3 28. Nxe3 Nf4+ 29. Kf2 Nxd3+ 30. Ke2 Nf4+ 31. Kf2 exf3
32. gxf3 Rc1 $17) 26... fxe3 $6 {Grischuk must have been more than happy with
his enormous progress and it could have influenced his judgement. Objectively
best and very unpleasant for White was the cool knight move to f6.} (26... Nf6
$1 27. exf4 (27. fxe4 Bg4+ 28. Ke1 Ncxe4 $19) (27. h4 Bc4+ 28. Ke1 Rfe8 $17)
27... exf3+ 28. gxf3 (28. Kxf3 Bg4+ 29. Kg3 Nce4+ $19) 28... Bc4+ 29. Kd1 Bd5
$17) 27. Bxe3 exf3+ 28. gxf3 Rce8 29. Bxc5 $6 {[%mdl 256] Laznicka has
certainly had better days in his chess career. The exchange of the important
defender will simplify the task for his opponent.} (29. Rg1 Nf4+ 30. Bxf4 Rxf4
31. Ne3 Rh4 32. Kf1 $15) 29... bxc5 30. Be4 Nf6 (30... Bg4 31. fxg4 Rxe4+ 32.
Kd1 Nb6 33. h3 Nc4 $17) 31. Ne3 $2 {The last bitter drop in the difficult and
failed defensive effort.} (31. Ng3 $1 Bd5 32. Re1 Nxe4 33. Nxe4 Bxe4 34. fxe4
Rxe4+ 35. Kd1 Rxe1+ 36. Kxe1 Kg7 $15) 31... Nxe4 32. fxe4 Rf4 33. Kd3 Rd8+ 34.
Kc3 (34. Nd5 Bxd5 35. exd5 Rxd5+ 36. Kc2 Rxd2+ 37. Kxd2 Kf7 $17) 34... Rxd2 35.
Kxd2 Rxe4 {Black's extra pawn and a dominant bishop against the knight
minimise White's chances for survival.} 36. Rc1 (36. Rf1 Rd4+ 37. Kc3 Rf4 $17)
36... c4 37. Rc2 (37. Rf1 Rd4+ 38. Kc1 Rd3 39. Nf5 Rh3 $17) 37... Kf7 38. Ke2
Kf6 39. Kf3 Rf4+ 40. Kg3 h5 0-1

[Event "Wch Blitz 4th"]
[Site "Moscow"]
[Date "2009.11.16"]
[Round "4"]
[White "Tkachiev, Vladislav"]
[Black "Grischuk, Alexander"]
[Result "0-1"]
[WhiteElo "2642"]
[BlackElo "2736"]
[PlyCount "70"]
[EventDate "2009.11.16"]
[EventType "tourn (blitz)"]
[EventRounds "42"]
[EventCountry "RUS"]
[EventCategory "19"]
[SourceTitle "EXT 2010"]
[Source "ChessBase"]
[SourceDate "2010.11.25"]
[SourceVersion "1"]
[SourceVersionDate "2010.11.25"]
[SourceQuality "1"]

1. d4 Nf6 2. c4 e6 3. g3 c5 4. d5 exd5 5. cxd5 b5 6. Bg2 d6 7. Nf3 g6 8. O-O
Bg7 9. e4 O-O 10. e5 dxe5 11. Nxe5 Bb7 12. Nc6 Qd7 13. a4 b4 14. Bg5 Nxc6 15.
dxc6 Bxc6 16. Qxd7 Bxd7 17. Bxa8 Rxa8 18. Nd2 Be6 19. Rac1 Nd7 20. b3 Bb2 21.
Rb1 Bd4 22. Be3 Bxe3 23. fxe3 Ne5 24. Ne4 Rc8 25. Rfd1 Kg7 26. Nd6 Rc6 27. e4
Kf8 28. a5 a6 29. Nb7 Rc7 30. Nd8 Bc8 31. Rd5 f6 32. Rc1 Ke7 33. Kf2 Bd7 34.
Nb7 Rxb7 35. Rdxc5 Nd3+ 0-1

[Event "Wch Blitz 4th"]
[Site "Moscow"]
[Date "2009.11.16"]
[Round "6"]
[White "Karjakin, Sergey"]
[Black "Grischuk, Alexander"]
[Result "0-1"]
[WhiteElo "2723"]
[BlackElo "2736"]
[PlyCount "56"]
[EventDate "2009.11.16"]
[EventType "tourn (blitz)"]
[EventRounds "42"]
[EventCountry "RUS"]
[EventCategory "19"]
[SourceTitle "EXT 2010"]
[Source "ChessBase"]
[SourceDate "2010.11.25"]
[SourceVersion "1"]
[SourceVersionDate "2010.11.25"]
[SourceQuality "1"]

1. e4 c5 2. g3 d5 3. exd5 Qxd5 4. Nf3 Bg4 5. Bg2 Qe6+ 6. Kf1 Nc6 7. h3 Bh5 8.
d3 Qd7 9. Na3 e6 10. Nc4 Bd6 11. Nxd6+ Qxd6 12. Bf4 Qd8 13. g4 Bg6 14. Ne5 Nge7
15. Nxg6 Nxg6 16. Bg3 O-O 17. h4 f5 18. gxf5 exf5 19. h5 f4 20. hxg6 fxg3 21.
Rxh7 Rxf2+ 22. Kg1 Qd4 23. Kh1 Rxg2 24. Kxg2 Qf2+ 25. Kh3 Ne5 26. Qg1 Qf5+ 27.
Kg2 Qf3+ 28. Kh3 g2+ 0-1

[Event "Wch Blitz 4th"]
[Site "Moscow"]
[Date "2009.11.16"]
[Round "7"]
[White "Grischuk, Alexander"]
[Black "Karpov, Anatoly"]
[Result "1/2-1/2"]
[WhiteElo "2736"]
[BlackElo "2619"]
[PlyCount "66"]
[EventDate "2009.11.16"]
[EventType "tourn (blitz)"]
[EventRounds "42"]
[EventCountry "RUS"]
[EventCategory "19"]
[SourceTitle "EXT 2010"]
[Source "ChessBase"]
[SourceDate "2010.11.25"]
[SourceVersion "1"]
[SourceVersionDate "2010.11.25"]
[SourceQuality "1"]

1. d4 Nf6 2. c4 e6 3. Nc3 Bb4 4. e3 c5 5. Nge2 d5 6. a3 Bxc3+ 7. Nxc3 cxd4 8.
exd4 dxc4 9. Bxc4 Nc6 10. Be3 O-O 11. O-O h6 12. Bd3 Ne7 13. Qf3 Nfd5 14. Be4
Bd7 15. Nxd5 Nxd5 16. Bxd5 exd5 17. Qxd5 Bc6 18. Qxd8 Rfxd8 19. Rac1 Rd5 20.
Rc5 Rad8 21. Rfc1 f6 22. Kf1 Kf7 23. b4 a6 24. g3 Rxc5 25. bxc5 g5 26. Ke2 Kg6
27. f3 h5 28. h3 Bb5+ 29. Kf2 Bc6 30. Rg1 Re8 31. Rd1 Rd8 32. Rg1 Re8 33. Rd1
Rd8 1/2-1/2

[Event "Wch Blitz 4th"]
[Site "Moscow"]
[Date "2009.11.16"]
[Round "12"]
[White "Aronian, Levon"]
[Black "Grischuk, Alexander"]
[Result "0-1"]
[WhiteElo "2786"]
[BlackElo "2736"]
[PlyCount "69"]
[EventDate "2009.11.16"]
[EventType "tourn (blitz)"]
[EventRounds "42"]
[EventCountry "RUS"]
[EventCategory "19"]
[SourceTitle "EXT 2010"]
[Source "ChessBase"]
[SourceDate "2010.11.25"]
[SourceVersion "1"]
[SourceVersionDate "2010.11.25"]
[SourceQuality "1"]

1. d4 Nf6 2. c4 e6 3. Nf3 d5 4. Nc3 Bb4 5. Bg5 Nbd7 6. cxd5 exd5 7. Qc2 c5 8.
dxc5 h6 9. Bd2 O-O 10. e3 Bxc5 11. Bd3 a6 12. Ne2 b5 13. Rc1 Bb7 14. O-O Rc8
15. Qb1 Ne4 16. Bc3 Bd6 17. Bd4 Ndc5 18. Ng3 Qd7 19. Rfd1 Qe6 20. Nh5 g6 21.
Nf4 Qe7 22. Bf1 Rfd8 23. g3 Ng5 24. Nxg5 Qxg5 25. h4 Qg4 26. Bh3 Qf3 27. Bxc8
Rxc8 28. Rd2 Ne4 29. Rxc8+ Bxc8 30. Rc2 Bf5 31. Qc1 Kh7 32. Ng2 Ng5 33. hxg5
Be4 34. Kf1 Qxg2+ 35. Ke1 0-1

[Event "Wch Blitz 4th"]
[Site "Moscow"]
[Date "2009.11.17"]
[Round "15"]
[White "Grischuk, Alexander"]
[Black "Ivanchuk, Vassily"]
[Result "1-0"]
[WhiteElo "2736"]
[BlackElo "2739"]
[PlyCount "45"]
[EventDate "2009.11.16"]
[EventType "tourn (blitz)"]
[EventRounds "42"]
[EventCountry "RUS"]
[EventCategory "19"]
[SourceTitle "EXT 2010"]
[Source "ChessBase"]
[SourceDate "2010.11.25"]
[SourceVersion "1"]
[SourceVersionDate "2010.11.25"]
[SourceQuality "1"]

1. d4 Nf6 2. c4 e6 3. Nf3 b6 4. g3 Ba6 5. b3 d5 6. cxd5 exd5 7. Bg2 Bb4+ 8. Bd2
Bd6 9. O-O O-O 10. Nc3 Re8 11. Rc1 Nbd7 12. Bf4 Qe7 13. Re1 Rac8 14. a4 Bb4 15.
Ne5 c6 16. Bh3 Nxe5 17. Bxc8 Bxc8 18. Bxe5 Ng4 19. e4 dxe4 20. Rxe4 Bxc3 21.
Rxc3 f6 22. Rxg4 Bxg4 23. Qxg4 1-0

[Event "Wch Blitz 4th"]
[Site "Moscow"]
[Date "2009.11.17"]
[Round "16"]
[White "Kramnik, Vladimir"]
[Black "Grischuk, Alexander"]
[Result "0-1"]
[WhiteElo "2772"]
[BlackElo "2736"]
[PlyCount "90"]
[EventDate "2009.11.16"]
[EventType "tourn (blitz)"]
[EventRounds "42"]
[EventCountry "RUS"]
[EventCategory "19"]
[SourceTitle "EXT 2010"]
[Source "ChessBase"]
[SourceDate "2010.11.25"]
[SourceVersion "1"]
[SourceVersionDate "2010.11.25"]
[SourceQuality "1"]

1. Nf3 Nf6 2. c4 e6 3. Nc3 d5 4. d4 Bb4 5. Qa4+ Nc6 6. a3 Bxc3+ 7. bxc3 O-O 8.
e3 Bd7 9. Qc2 Na5 10. cxd5 exd5 11. a4 Re8 12. Bd3 c5 13. dxc5 Qc7 14. Ba3 Nc4
15. O-O Nxa3 16. Rxa3 Qxc5 17. Qb2 b6 18. Rfa1 Ne4 19. Nd4 Rac8 20. Bxe4 dxe4
21. a5 b5 22. a6 Qg5 23. Ra5 Rc5 24. Ne2 Be6 25. Rd1 Bc4 26. Nf4 h6 27. Raa1
Qf6 28. Qb4 Rc6 29. Nd5 Qe5 30. Nf4 Qf6 31. Rd7 Rxa6 32. Rxa7 Rxa7 33. Rxa7 Rd8
34. Ra1 Rd2 35. Qa5 Kh7 36. Qa8 Qxc3 37. Qxe4+ g6 38. Qb1 Rb2 39. Qd1 Rd2 40.
Qb1 Qc2 41. Qxc2 Rxc2 42. Rb1 b4 43. h4 b3 44. e4 b2 45. Kh2 Ba2 0-1

[Event "Wch Blitz 4th"]
[Site "Moscow"]
[Date "2009.11.17"]
[Round "17"]
[White "Grischuk, Alexander"]
[Black "Gashimov, Vugar"]
[Result "1-0"]
[WhiteElo "2736"]
[BlackElo "2758"]
[PlyCount "97"]
[EventDate "2009.11.16"]
[EventType "tourn (blitz)"]
[EventRounds "42"]
[EventCountry "RUS"]
[EventCategory "19"]
[SourceTitle "EXT 2010"]
[Source "ChessBase"]
[SourceDate "2010.11.25"]
[SourceVersion "1"]
[SourceVersionDate "2010.11.25"]
[SourceQuality "1"]

1. Nf3 c5 2. e4 d6 3. d4 cxd4 4. Nxd4 Nf6 5. Nc3 g6 6. Be2 Bg7 7. O-O O-O 8.
Re1 Nc6 9. Nb3 Be6 10. Bf1 d5 11. exd5 Nxd5 12. Nxd5 Bxd5 13. c3 Qd6 14. Qg4
Rad8 15. Qh4 Bf6 16. Bg5 Bxg5 17. Qxg5 e5 18. Rad1 Qc7 19. h4 Kg7 20. Rd2 h6
21. Qe3 Qe7 22. h5 g5 23. Red1 Be6 24. Nc5 Bg4 25. Rxd8 Rxd8 26. Rxd8 Nxd8 27.
Ne4 b6 28. Ng3 f5 29. Qd3 f4 30. Nf5+ Bxf5 31. Qxf5 Qe6 32. Qe4 Nf7 33. Bd3 Nd6
34. Qh7+ Kf8 35. Qxa7 e4 36. Be2 g4 37. Qxb6 f3 38. Bf1 Kf7 39. Qe3 Ke7 40. Qf4
Qxa2 41. Qxh6 Qxb2 42. Qg5+ Ke6 43. Qxg4+ Kd5 44. gxf3 Qxc3 45. fxe4+ Kc6 46.
h6 Qf6 47. Qg7 Qh4 48. Bg2 Kc5 49. h7 1-0

[Event "Wch Blitz 4th"]
[Site "Moscow"]
[Date "2009.11.17"]
[Round "21"]
[White "Grischuk, Alexander"]
[Black "Svidler, Peter"]
[Result "1/2-1/2"]
[WhiteElo "2736"]
[BlackElo "2754"]
[PlyCount "55"]
[EventDate "2009.11.16"]
[EventType "tourn (blitz)"]
[EventRounds "42"]
[EventCountry "RUS"]
[EventCategory "19"]
[SourceTitle "EXT 2010"]
[Source "ChessBase"]
[SourceDate "2010.11.25"]
[SourceVersion "1"]
[SourceVersionDate "2010.11.25"]
[SourceQuality "1"]

1. d4 d6 2. e4 Nf6 3. Nc3 g6 4. Be3 c6 5. h3 Qa5 6. Qd2 Nbd7 7. Nf3 e5 8. Bd3
Bg7 9. Bh6 O-O 10. Bxg7 Kxg7 11. O-O Qb6 12. dxe5 Nxe5 13. Nxe5 dxe5 14. Qg5
Re8 15. b3 h6 16. Qh4 Be6 17. Kh1 Qc5 18. Ne2 Rad8 19. f4 exf4 20. Nxf4 Qe5 21.
Rae1 b5 22. Re3 Bc8 23. Ref3 Rd6 24. Qf2 a6 25. Qa7 Qe7 26. Qf2 Qe5 27. Qa7 Qe7
28. Qf2 1/2-1/2

[Event "Wch Blitz 4th"]
[Site "Moscow"]
[Date "2009.11.17"]
[Round "25"]
[White "Grischuk, Alexander"]
[Black "Tkachiev, Vladislav"]
[Result "1-0"]
[WhiteElo "2736"]
[BlackElo "2642"]
[PlyCount "153"]
[EventDate "2009.11.16"]
[EventType "tourn (blitz)"]
[EventRounds "42"]
[EventCountry "RUS"]
[EventCategory "19"]
[SourceTitle "EXT 2010"]
[Source "ChessBase"]
[SourceDate "2010.11.25"]
[SourceVersion "1"]
[SourceVersionDate "2010.11.25"]
[SourceQuality "1"]

1. c4 e5 2. Nc3 Nf6 3. Nf3 Nc6 4. g3 Bb4 5. Nd5 Bc5 6. Bg2 d6 7. d3 h6 8. O-O
O-O 9. e3 a6 10. a3 Ba7 11. b4 Nxd5 12. cxd5 Ne7 13. Nd2 f5 14. Nc4 Ng6 15. Qh5
Kh7 16. Bd2 Qf6 17. Rac1 f4 18. Be4 Bf5 19. Bxf5 Qxf5 20. Qxf5 Rxf5 21. Na5 Bb6
22. Nxb7 fxg3 23. fxg3 Rxf1+ 24. Kxf1 Ne7 25. Na5 Nxd5 26. Nc4 Ba7 27. Ke2 Kg6
28. Na5 Bb6 29. Nc6 Kf7 30. a4 Ke6 31. a5 Ba7 32. e4 Nf6 33. h3 Kd7 34. g4 Ng8
35. Be1 Bb8 36. Bh4 Ba7 37. Rc4 Bb8 38. d4 exd4 39. Nxd4 Ba7 40. Nc6 Bb8 41.
Kd3 Ba7 42. Rc2 Bb8 43. e5 dxe5 44. Nxe5+ Kd6 45. Nc6 Ba7 46. Bg3+ Kd7 47. Ne5+
Ke6 48. Rc6+ Kd5 49. Rxc7 Nf6 50. Nc4 Bg1 51. Rxg7 Rd8 52. Nb6+ Ke6+ 53. Ke2
Ne4 54. Bf4 Rd4 55. Rg6+ Kf7 56. Rxh6 Rxb4 57. Nd5 Ra4 58. Rxa6 Rd4 59. Be3
Bxe3 60. Kxe3 Ra4 61. Nb6 Rb4 62. Nd7 Nc3 63. Ne5+ Kg7 64. Kd3 Nd5 65. Ra7+ Kf6
66. Nd7+ Kg5 67. Nc5 Nf4+ 68. Kc3 Nd5+ 69. Kd3 Nf4+ 70. Kd2 Nxh3 71. Rg7+ Kf6
72. Rg8 Rc4 73. a6 Rxc5 74. a7 Ra5 75. a8=Q Rxa8 76. Rxa8 Nf2 77. Rf8+ 1-0

[Event "Wch Blitz 4th"]
[Site "Moscow"]
[Date "2009.11.17"]
[Round "27"]
[White "Grischuk, Alexander"]
[Black "Karjakin, Sergey"]
[Result "0-1"]
[WhiteElo "2736"]
[BlackElo "2723"]
[PlyCount "96"]
[EventDate "2009.11.16"]
[EventType "tourn (blitz)"]
[EventRounds "42"]
[EventCountry "RUS"]
[EventCategory "19"]
[SourceTitle "EXT 2010"]
[Source "ChessBase"]
[SourceDate "2010.11.25"]
[SourceVersion "1"]
[SourceVersionDate "2010.11.25"]
[SourceQuality "1"]

1. d4 d5 2. Nf3 Nf6 3. c4 c6 4. Nc3 a6 5. c5 Nbd7 6. Bf4 Nh5 7. Bd2 Nhf6 8. Bf4
Nh5 9. Bg5 h6 10. Bd2 Nhf6 11. h3 Qc7 12. g3 e5 13. Nxe5 Nxe5 14. Bf4 Nfd7 15.
dxe5 Nxc5 16. e6 Qb6 17. exf7+ Kxf7 18. Bg2 Qxb2 19. Rc1 Ne6 20. Bd2 Bd6 21.
O-O Rf8 22. e4 d4 23. Na4 Qb5 24. Rb1 Qc4 25. Nb6 Qxa2 26. Nxa8 b5 27. Nb6 Bb7
28. e5 Bc7 29. Nd7 Rd8 30. Qh5+ Ke7 31. Bb4+ Kxd7 32. h4 Kc8 33. Bh3 Kb8 34.
Qf7 Bc8 35. Be7 Rh8 36. Bd6 Bxd6 37. exd6 Qd5 38. Bxe6 Qxe6 39. Qc7+ Ka8 40.
Rfe1 Qd7 41. Re7 Qxc7 42. Rxc7 Rd8 43. Rxc6 Bb7 44. Rc7 Rxd6 45. Rxg7 d3 46.
Rf7 d2 47. Rd1 Be4 48. Kf1 Bd3+ 0-1

[Event "Wch Blitz 4th"]
[Site "Moscow"]
[Date "2009.11.18"]
[Round "33"]
[White "Grischuk, Alexander"]
[Black "Aronian, Levon"]
[Result "1/2-1/2"]
[WhiteElo "2736"]
[BlackElo "2786"]
[PlyCount "106"]
[EventDate "2009.11.16"]
[EventType "tourn (blitz)"]
[EventRounds "42"]
[EventCountry "RUS"]
[EventCategory "19"]
[SourceTitle "EXT 2010"]
[Source "ChessBase"]
[SourceDate "2010.11.25"]
[SourceVersion "1"]
[SourceVersionDate "2010.11.25"]
[SourceQuality "1"]

1. d4 Nf6 2. Nf3 g6 3. c4 Bg7 4. Nc3 d5 5. cxd5 Nxd5 6. e4 Nxc3 7. bxc3 c5 8.
Be3 Qa5 9. Qd2 O-O 10. Rc1 Rd8 11. d5 e6 12. Be2 exd5 13. exd5 Nc6 14. O-O Ne7
15. c4 Qxd2 16. Nxd2 b6 17. g4 Bd7 18. Rfe1 Nc8 19. Bf4 f5 20. h3 Bf8 21. Kg2
Nd6 22. f3 Re8 23. Bd3 Kf7 24. Nf1 Rxe1 25. Rxe1 Re8 26. Rxe8 Nxe8 27. gxf5
gxf5 28. Ne3 Bd6 29. Kg3 Kf6 30. Bxd6 Nxd6 31. Kf4 a6 32. Nf1 b5 33. cxb5 axb5
34. Ng3 b4 35. Nh5+ Kg6 36. Ng3 Kf6 37. Nh5+ Ke7 38. Ng3 c4 39. Bc2 Nb5 40.
Nxf5+ Bxf5 41. Bxf5 Kd6 42. Bxh7 Nc3 43. Ke3 Kxd5 44. h4 Nxa2 45. h5 Ke5 46.
Bg8 Nc3 47. Bxc4 Na4 48. f4+ Kf6 49. Kd4 Nb6 50. Bb3 Nd7 51. Kc4 Kf5 52. Kxb4
Kxf4 53. h6 Nf6 1/2-1/2

[Event "Wch Blitz 4th"]
[Site "Moscow"]
[Date "2009.11.18"]
[Round "36"]
[White "Ivanchuk, Vassily"]
[Black "Grischuk, Alexander"]
[Result "0-1"]
[WhiteElo "2739"]
[BlackElo "2736"]
[PlyCount "56"]
[EventDate "2009.11.16"]
[EventType "tourn (blitz)"]
[EventRounds "42"]
[EventCountry "RUS"]
[EventCategory "19"]
[SourceTitle "EXT 2010"]
[Source "ChessBase"]
[SourceDate "2010.11.25"]
[SourceVersion "1"]
[SourceVersionDate "2010.11.25"]
[SourceQuality "1"]

1. e4 c5 2. Nf3 d6 3. d4 cxd4 4. Nxd4 Nf6 5. f3 Nc6 6. Nc3 e6 7. Be3 Be7 8. Qd2
O-O 9. O-O-O a6 10. g4 Nd7 11. h4 Nxd4 12. Bxd4 b5 13. g5 Bb7 14. a3 Qc7 15. h5
Ne5 16. Qe3 Rfc8 17. g6 fxg6 18. Bh3 Kf7 19. hxg6+ hxg6 20. f4 Nc4 21. Qg3 Rh8
22. Bxe6+ Kxe6 23. Qxg6+ Kd7 24. Qg4+ Kc6 25. Nd5 Qd7 26. Qxg7 Rxh1 27. Nxe7+
Kc7 28. Nd5+ Bxd5 0-1

[Event "Wch Blitz 4th"]
[Site "Moscow"]
[Date "2009.11.18"]
[Round "38"]
[White "Gashimov, Vugar"]
[Black "Grischuk, Alexander"]
[Result "1-0"]
[WhiteElo "2758"]
[BlackElo "2736"]
[PlyCount "149"]
[EventDate "2009.11.16"]
[EventType "tourn (blitz)"]
[EventRounds "42"]
[EventCountry "RUS"]
[EventCategory "19"]
[SourceTitle "EXT 2010"]
[Source "ChessBase"]
[SourceDate "2010.11.25"]
[SourceVersion "1"]
[SourceVersionDate "2010.11.25"]
[SourceQuality "1"]

1. e4 c5 2. Nc3 d6 3. d4 cxd4 4. Qxd4 Nc6 5. Bb5 Qd7 6. Qd3 g6 7. Be3 Bg7 8.
O-O-O Nf6 9. f3 O-O 10. h4 h5 11. Bg5 a6 12. Ba4 b5 13. Bb3 Bb7 14. Nge2 Rac8
15. Kb1 Ne5 16. Qd2 b4 17. Na4 a5 18. Nb6 Qb5 19. Nxc8 Rxc8 20. Nd4 Qd7 21.
Rhe1 a4 22. Bxf6 Bxf6 23. Bd5 Bxd5 24. exd5 Nc4 25. Qxb4 Qc7 26. Nc6 Nxb2 27.
Rxe7 Bxe7 28. Qxb2 Bxh4 29. a3 Re8 30. Qd4 Bg5 31. Qxa4 Bf6 32. Qb5 Kg7 33. Ka2
Qd7 34. Qd3 h4 35. Rb1 Ra8 36. Rb4 Qe8 37. Qe4 Qc8 38. Ra4 Rxa4 39. Qxa4 Qf5
40. Qe4 Qxe4 41. fxe4 g5 42. Nb4 g4 43. Nd3 Bd4 44. c3 Ba7 45. e5 dxe5 46. Nxe5
h3 47. gxh3 gxh3 48. Nf3 Kf6 49. c4 Kf5 50. a4 Kf4 51. Nh2 Kg3 52. d6 Kxh2 53.
a5 Kg3 54. d7 h2 55. d8=Q h1=Q 56. Qc7+ Kg4 57. Qxa7 Qg2+ 58. Kb3 Qg3+ 59. Kb4
Qe1+ 60. Kb5 Qb1+ 61. Ka6 Qf5 62. Qd4+ Kh3 63. Qd5 Qc8+ 64. Kb5 Qb8+ 65. Ka4
Qe8+ 66. Kb4 Qf8+ 67. Kb3 f5 68. a6 Qb8+ 69. Qb7 Qg3+ 70. Ka4 Qd3 71. Qd5 Qc2+
72. Kb5 Qb1+ 73. Kc6 f4 74. a7 Qa1 75. Qf3+ 1-0

[Event "Wch Blitz 4th"]
[Site "Moscow"]
[Date "2009.11.18"]
[Round "42"]
[White "Svidler, Peter"]
[Black "Grischuk, Alexander"]
[Result "1/2-1/2"]
[WhiteElo "2754"]
[BlackElo "2736"]
[PlyCount "29"]
[EventDate "2009.11.16"]
[EventType "tourn (blitz)"]
[EventRounds "42"]
[EventCountry "RUS"]
[EventCategory "19"]
[SourceTitle "EXT 2010"]
[Source "ChessBase"]
[SourceDate "2010.11.25"]
[SourceVersion "1"]
[SourceVersionDate "2010.11.25"]
[SourceQuality "1"]

1. e4 e5 2. Nf3 Nf6 3. Nxe5 d6 4. Nf3 Nxe4 5. Qe2 Qe7 6. d3 Nf6 7. Bg5 Qxe2+ 8.
Bxe2 Be7 9. Nc3 c6 10. Ne4 Nxe4 11. dxe4 Bxg5 12. Nxg5 h6 13. Nf3 Ke7 14. O-O-O
Rd8 15. Nd4 1/2-1/2

[Event "World Cup"]
[Site "Khanty-Mansiysk"]
[Date "2009.12.02"]
[Round "4.6"]
[White "Jakovenko, Dmitrij"]
[Black "Grischuk, Alexander"]
[Result "1/2-1/2"]
[WhiteElo "2736"]
[BlackElo "2736"]
[PlyCount "101"]
[EventDate "2009.11.21"]
[EventType "k.o."]
[EventRounds "7"]
[EventCountry "RUS"]
[SourceTitle "CBM 134"]
[Source "ChessBase"]
[SourceDate "2010.01.18"]
[SourceVersion "1"]
[SourceVersionDate "2010.01.18"]
[SourceQuality "1"]

1. d4 Nf6 2. c4 e6 3. Nc3 Bb4 4. e3 O-O 5. Bd3 c5 6. Nf3 d5 7. O-O dxc4 8. Bxc4
Nbd7 9. a3 cxd4 10. axb4 dxc3 11. bxc3 Qc7 12. Be2 Nd5 13. c4 Nc3 14. Qc2 Nxe2+
15. Qxe2 b6 16. Bb2 Bb7 17. Nd4 Rfc8 18. Rfc1 Nf6 19. c5 bxc5 20. bxc5 Qd7 21.
f3 a5 22. e4 a4 23. Qe3 h6 24. Ba3 Bc6 25. Rd1 Qa7 26. Rab1 Rab8 27. h3 Be8 28.
Kh1 Qa6 29. Qc3 Bc6 30. Rb2 Rxb2 31. Qxb2 Be8 32. Rc1 Bc6 33. Rd1 Be8 34. Qb6
Qa8 35. Rb1 Nd7 36. Qd6 Nf6 37. Qe7 Bd7 38. e5 Qd5 39. exf6 Qxd4 40. fxg7 Re8
41. Qd6 Qxd6 42. cxd6 Kxg7 43. Rb7 Rd8 44. Kg1 f6 45. Bc5 Kg6 46. Kf2 e5 47.
Ke3 Bc6 48. Rc7 Bb5 49. Rb7 Bc6 50. Rb6 Bd7 51. Rb7 1/2-1/2